000 01250nam a22003857a 4500
003 CHAP
005 20220329143204.0
008 061130d1989 us ad r 00110 eng d
010 _a93104
011 _a94076
035 _a104660
040 _cCHAP
090 _aFolleto 17173
100 1 _aStone, Nathan M.
_9109891
245 1 0 _aSeepage from fishponds
_c/by Nathan M. Stone and Claude E. Boyd
260 _aAuburn, Alabama :
_bAlabama Agricultural Experiment Station,
_c1989
300 _a63 p. :
_bilus. ; gráfs. ; cuadros
410 2 1 _aAlabama Agricultural Experiment Station
490 _aBulletin
_v; 599
590 _aBATCH-UPD
_b10
_c20130110
_lUCH01
_h0646
590 _aBATCH-UPD
_b10
_c20130410
_lUCH01
_h0331
590 _aBATCH-UPD
_b10
_c20130914
_lUCH01
_h0745
590 _aCONVERSION
_b10
_c20130109
_lUCH01
_h1352
650 1 4 _aCanales.
_918255
650 1 4 _aFiltración.
_940920
650 1 4 _aIrrigación.
_960366
650 1 4 _aPescado.
_987442
700 1 _aBoyd, Claude E.
_914874
810 2 1 _aAlabama Agricultural Experiment Station
_93296
830 0 _aBulletin
_v; 599
_916039
901 _aBK
905 _aMarco A. Mendoza T.
942 _cFOLL
949 _aFolleto 17173
_bBC
_cFOLL
_d33724002008777
_eTS1
_i104660
_sb
999 _c93104
_d93104